| 000 | 00788nam a2200229 a 4500 | ||
|---|---|---|---|
| 001 | 1217 | ||
| 003 | BR-CuiBMT | ||
| 005 | 20231216004403.0 | ||
| 008 | 231201s2017 dfba 000 0 por d | ||
| 040 |
_aBR-CuiBMT _cBR-CuiBMT |
||
| 080 |
_a353.35 _22007 |
||
| 090 |
_a353.35 _bB823r |
||
| 110 |
_aBrasil _bTribunal de Contas da União |
||
| 245 | 1 |
_aReferencial de combate a fraude e corrupção : _baplicável a órgãos e entidades da Administração Pública / _cTribunal de Contas da União. |
|
| 260 |
_aBrasília : _bTCU, _c2017. |
||
| 300 |
_a132 p. : _bil.; _c27 cm |
||
| 504 | _aInclui bibliografia. | ||
| 650 |
_aCrime contra a administração pública _zBrasil |
||
| 650 |
_aAbuso de poder _zBrasil |
||
| 650 |
_aAdministração pública _xcontrole _zBrasil |
||
| 942 |
_2udc _cLV |
||
| 999 |
_c1217 _d1217 |
||